Statistics for Hyderabad Metro Stations by Map Quiz

Click here to take the quiz!

General Stats

  • This quiz has been taken 274 times
  • The average score is 13 of 49

Answers on the Map

Answers color-coded by a green-red scale on the quiz's map according to % correct below.
 

Answer Stats

Answer% Correct
Ameerpet
67%
Ameerpet
67%
Kukatpally
50%
Miyapur
50%
JNTU
42%
M.G Bus Station
38%
Osmania Medical
College
38%
Uppal
38%
Bharat Nagar
33%
ESI
33%
L.B. Nagar
33%
Nagole
33%
Assembly
29%
Gandhi Bhavan
29%
Jubilee Hills
29%
KPHB Colony
29%
Malakpet
29%
Punjagutta
29%
Balanagar
25%
Begumpet
25%
Hitech City
25%
Irrum Manzil
25%
Khairatabad
25%
Madhapur
25%
Moosapet
25%
Nampally
25%
Chaitanyapuri
21%
Erragadda
21%
Musarambagh
21%
New Market
21%
Parade Ground
21%
Prakash Nagar
21%
Secunderabad East
21%
S.R. Nagar
21%
Stadium
21%
Victoria Memorial
21%
Habsiguda
17%
NGRI
17%
Paradise
17%
Rasoolpura
17%
Tarnaka
17%
Jubilee Hills Check Post
13%
Madhura Nagar
13%
Mettuguda
13%
Dilshukhnagar
8%
Durgama Cheruvu
8%
Ladki-Ka-Pul
8%
Peddamma Gudi
8%
Yusufguda
8%

Score Distribution

Percentile by Number Answered

Percent of People with Each Score

Your Score History

You have not taken this quiz